000 00683nam a2200289Ia 4500
005 20260324143137.0
008 008 260324s9999 xx 000 0 eng d
020 _a9780429051685
037 _aEBOOK
040 _aCRL
040 _beng
040 _cCRL
041 _2eng
041 _aeng
084 _qCRL
100 _aSuzanne Grant Lewis
_91214546
245 0 _aMicrocomputers In African Development
245 0 _bCritical Perspectives
260 _bTaylor and Francis
260 _c1992
365 _a
365 _b220
856 _uhttp://www.taylorfrancis.com/books/9780429051685
942 _cEBOOK
999 _c1819608
_d1819608